000 00674nam a2200205Ia 4500
003 GCL
008 140319s9999 xx 000 0 ara d
040 _aGCL /
_cGCL
082 0 4 _aق
_b962.03
_bر ص
100 1 _aرفعت السعيد
245 1 0 _aصفخات من تاريخ مصر: رؤية للعلاقة بين التاريخ والسياسة /
_cرفعت السعيد
300 _a163
490 _a100 قصة
_v0
650 0 4 _aمصر
650 0 4 _aالسياسة
650 0 4 _aالتاريخ
650 0 4 _aمصر - تاريخ - العصر الحديث - عصر محمد على ( 1805- 1849 م )
650 0 4 _aالخديوى اسماعيل
942 _2ddc
_cBK
999 _c45880
_d45880